[Event "Wch U10 Girls"]
[Site "Weifang"]
[Date "2019.08.31"]
[Round "10"]
[White "Zhou, Yafei"]
[Black "Jiang, Tianyu"]
[Result "1-0"]
[WhiteElo "1757"]
[BlackElo "1381"]
[PlyCount "103"]
[EventDate "2019.08.21"]
[EventType "swiss"]
[EventRounds "11"]
[EventCountry "CHN"]
[SourceTitle "EXT 2020"]
[Source "ChessBase"]
[SourceDate "2019.10.17"]
[SourceVersion "1"]
[SourceVersionDate "2019.10.17"]
[SourceQuality "1"]

1. d4 d5 2. c4 e6 3. Nc3 c6 4. Nf3 Nf6 5. Bg5 Be7 6. e3 Nbd7 7. Qc2 0-0 8. cxd5 exd5 9. Bd3 h6 10. Bf4 Re8 11. 0-0-0 Nf8 12. h3 b5 13. g4 Ne6 14. Bh2 Bb7 15. Bf5 Bd6 16. Ne5 Bxe5 17. Bxe5 Nd7 18. Bh2 Rc8 19. Kb1 b4 20. Na4 a5 21. h4 c5 22. dxc5 Ndxc5 23. Nxc5 Rxc5 24. Qe2 Qb6 25. g5 hxg5 26. Qh5 Kf8 27. hxg5 Ke7 28. g6 d4 29. gxf7 Ra8 30. Qh4+ Kf8 31. Be4 Kxf7 32. exd4 Rb5 33. d5 Nc5 34. Qh5+ Kf8 35. Qf5+ Qf6 36. Bd6+ Kf7 37. Qh5+ g6 38. Qh7+ Qg7 39. Bxg6+ Kf6 40. Be5+ Kxe5 41. Qxg7+ Kd6 42. Qf6+ Kc7 43. Rh7+ Nd7 44. Rc1+ Kb8 45. Rxd7 Rxd5 46. Rxd5 Ra6 47. Qe5+ Ka7 48. Qd4+ Rb6 49. Rxa5+ Ba6 50. Rc7+ Ka8 51. Qd8+ Rb8 52. Rxa6# 1-0

[Event "Wch U10 Girls"]
[Site "Weifang"]
[Date "2019.08.24"]
[Round "4"]
[White "Zhou, Yafei"]
[Black "Huynh, Phuc Minh Phuong"]
[Result "1/2-1/2"]
[WhiteElo "1757"]
[BlackElo "1254"]
[PlyCount "105"]
[EventDate "2019.08.21"]
[EventType "swiss"]
[EventRounds "11"]
[EventCountry "CHN"]
[SourceTitle "EXT 2020"]
[Source "ChessBase"]
[SourceDate "2019.10.17"]
[SourceVersion "1"]
[SourceVersionDate "2019.10.17"]
[SourceQuality "1"]

1. d4 d5 2. c4 c6 3. Nf3 e6 4. Nc3 Nf6 5. Bg5 dxc4 6. e4 Be7 7. Bxc4 Nbd7 8. 0-0 h6 9. Bf4 0-0 10. Qe2 b5 11. Bd3 a6 12. e5 Nh7 13. Qe4 f5 14. exf6 Ndxf6 15. Qxc6 Bd7 16. Qc7 Qxc7 17. Bxc7 Rac8 18. Bg3 Nh5 19. Ne5 Nxg3 20. Nxd7 Rfd8 21. hxg3 Rxd7 22. d5 Nf6 23. Rfe1 Nxd5 24. Rad1 Rcd8 25. Nxd5 Rxd5 26. Bc2 Rxd1 27. Rxd1 Rxd1+ 28. Bxd1 a5 29. Kf1 Kf7 30. f4 Kf6 31. Kf2 e5 32. Kf3 Bd6 33. Bc2 h5 34. f5 Kg5 35. Ke4 Kg4 36. Kd5 Be7 37. Kxe5 Bf6+ 38. Kd5 Bxb2 39. Kc5 b4 40. Bd1+ Kxg3 41. Bxh5 Kxg2 42. Kb5 Bc3 43. Ka4 Kf2 44. Kb3 Ke3 45. Bf7 Kd2 46. Be6 Ke3 47. Bf7 Kf4 48. Be6 Ke5 49. Bc8 Kf6 50. Bd7 Ke7 51. Bc8 Kd6 52. Ba6 Kc6 53. Bc8 1/2-1/2

[Event "Shaoxing (Women) op"]
[Site "Shaoxing"]
[Date "2019.07.17"]
[Round "9"]
[White "Zhou, Yafei"]
[Black "Pujari, Rucha"]
[Result "0-1"]
[WhiteElo "1720"]
[BlackElo "2268"]
[PlyCount "71"]
[EventDate "2019.07.08"]
[EventType "swiss"]
[EventRounds "9"]
[EventCountry "CHN"]
[SourceTitle "EXT 2020"]
[Source "ChessBase"]
[SourceDate "2019.10.17"]
[SourceVersion "1"]
[SourceVersionDate "2019.10.17"]
[SourceQuality "1"]

1. d4 d5 2. c4 e6 3. Nc3 h6 4. Nf3 Nf6 5. Bf4 Be7 6. e3 0-0 7. Bd3 dxc4 8. Bxc4 a6 9. a4 c5 10. 0-0 Nc6 11. Qd2 cxd4 12. exd4 Nb4 13. Rfd1 b6 14. Ne5 Bb7 15. Qe2 Nfd5 16. Nxd5 Nxd5 17. Bg3 Bg5 18. h3 Qe7 19. Bxd5 Bxd5 20. f4 Bf6 21. Qd2 Rfd8 22. Bf2 a5 23. Rdc1 Qb7 24. Be3 Rac8 25. Rc3 Be7 26. Rac1 Bb4 27. Rxc8 Rxc8 28. Rxc8+ Qxc8 29. Qc1 Qb7 30. Qc2 Be4 31. Qe2 Qd5 32. Qc4 Qb7 33. Qe2 f6 34. Nf3 Qc6 35. Nd2 Bd5 36. Kh2 0-1

[Event "Shaoxing (Women) op"]
[Site "Shaoxing"]
[Date "2019.07.13"]
[Round "6"]
[White "Zhou, Yafei"]
[Black "Fominykh, Maria"]
[Result "1/2-1/2"]
[WhiteElo "1720"]
[BlackElo "2243"]
[PlyCount "52"]
[EventDate "2019.07.08"]
[EventType "swiss"]
[EventRounds "9"]
[EventCountry "CHN"]
[SourceTitle "EXT 2020"]
[Source "ChessBase"]
[SourceDate "2019.10.17"]
[SourceVersion "1"]
[SourceVersionDate "2019.10.17"]
[SourceQuality "1"]

1. d4 d6 2. Nf3 Nf6 3. c4 g6 4. Nc3 Bg7 5. e4 0-0 6. Be2 e5 7. dxe5 dxe5 8. Qxd8 Rxd8 9. Bg5 Re8 10. Nd5 Nxd5 11. cxd5 c6 12. Bc4 cxd5 13. Bxd5 Nc6 14. 0-0 Be6 15. Bxe6 Rxe6 16. Rfd1 Nd4 17. Be3 Rd8 18. Kf1 f5 19. exf5 gxf5 20. Bxd4 exd4 21. Rd3 Rc6 22. Rad1 Rc2 23. Nxd4 Bxd4 24. Rxd4 Rxd4 25. Rxd4 Rxb2 26. Rd7 a5 1/2-1/2

[Event "Shaoxing (Women) op"]
[Site "Shaoxing"]
[Date "2019.07.10"]
[Round "3"]
[White "Li, Yunshan"]
[Black "Zhou, Yafei"]
[Result "1-0"]
[WhiteElo "2254"]
[BlackElo "1720"]
[PlyCount "105"]
[EventDate "2019.07.08"]
[EventType "swiss"]
[EventRounds "9"]
[EventCountry "CHN"]
[SourceTitle "EXT 2020"]
[Source "ChessBase"]
[SourceDate "2019.10.17"]
[SourceVersion "1"]
[SourceVersionDate "2019.10.17"]
[SourceQuality "1"]

1. d4 Nf6 2. c4 g6 3. Nc3 Bg7 4. e4 d6 5. Nf3 0-0 6. Be2 e5 7. Be3 exd4 8. Nxd4 Nbd7 9. 0-0 Nc5 10. f3 a5 11. b3 Bd7 12. Qd2 Re8 13. Rac1 Qe7 14. Ndb5 Bxb5 15. cxb5 Rad8 16. Kh1 Ne6 17. Bc4 Qd7 18. Rfd1 h5 19. Nd5 b6 20. Qc2 Nc5 21. Nxf6+ Bxf6 22. e5 Rxe5 23. Qxg6+ Bg7 24. Bh6 Ne6 25. Bxe6 fxe6 26. Bxg7 Qxg7 27. Qxg7+ Kxg7 28. Rxc7+ Kf6 29. Rc6 Rxb5 30. Rdxd6 Rxd6 31. Rxd6 a4 32. Rd3 axb3 33. axb3 Rb4 34. Kg1 Kf5 35. Kf2 e5 36. Ke3 h4 37. g3 hxg3 38. hxg3 Kg5 39. Kd2 e4 40. Rd5+ Kf6 41. Kc3 e3 42. Rd3 Rb5 43. Rxe3 Rc5+ 44. Kd4 Kf5 45. b4 Rc1 46. Re5+ Kf6 47. Rb5 Rd1+ 48. Ke4 Rd6 49. g4 Kg6 50. f4 Kf6 51. g5+ Kg6 52. Ke5 Rc6 53. Kd5 1-0

[Event "Shaoxing (Women) op"]
[Site "Shaoxing"]
[Date "2019.07.08"]
[Round "1"]
[White "Guo, Qi"]
[Black "Zhou, Yafei"]
[Result "1-0"]
[WhiteElo "2375"]
[BlackElo "1720"]
[PlyCount "79"]
[EventDate "2019.07.08"]
[EventType "swiss"]
[EventRounds "9"]
[EventCountry "CHN"]
[SourceTitle "EXT 2020"]
[Source "ChessBase"]
[SourceDate "2019.10.17"]
[SourceVersion "1"]
[SourceVersionDate "2019.10.17"]
[SourceQuality "1"]

1. d4 d5 2. c4 c6 3. Nf3 Nf6 4. e3 e6 5. Bd3 Bd6 6. 0-0 0-0 7. Nbd2 Nbd7 8. e4 dxe4 9. Nxe4 Nxe4 10. Bxe4 Nf6 11. Bc2 b6 12. Ne5 Qc7 13. Re1 Bb7 14. Bg5 Be7 15. Qd3 g6 16. Qh3 Ne8 17. Bh6 Ng7 18. Rad1 f5 19. Nf3 Bf6 20. Bg5 Qe7 21. Qh4 Nh5 22. Bb3 Bxg5 23. Qxg5 Qxg5 24. Nxg5 Ng7 25. Nxe6 Nxe6 26. Rxe6 Rfe8 27. Rde1 Kf7 28. c5 Rxe6 29. Rxe6 Rc8 30. Rxc6+ Ke7 31. Rxc8 Bxc8 32. f4 bxc5 33. dxc5 Bd7 34. Bd5 Kd8 35. b4 Kc7 36. Kf2 h6 37. h4 Be8 38. Ke3 Kd7 39. Kd4 Ke7 40. Ke5 1-0

[Event "Wch U10 Girls"]
[Site "Santiago de Compostela"]
[Date "2018.11.15"]
[Round "11"]
[White "Zhou, Yafei"]
[Black "Chen, Yining"]
[Result "1/2-1/2"]
[WhiteElo "1648"]
[BlackElo "1457"]
[PlyCount "110"]
[EventDate "2018.11.04"]
[EventType "swiss"]
[EventRounds "11"]
[EventCountry "ESP"]
[SourceTitle "EXT 2022"]
[Source "ChessBase"]
[SourceDate "2021.10.06"]
[SourceVersion "1"]
[SourceVersionDate "2021.10.06"]
[SourceQuality "1"]

1. d4 Nf6 2. Nf3 g6 3. g3 Bg7 4. Bg2 0-0 5. 0-0 d6 6. b3 Bg4 7. Bb2 c6 8. c4 Bxf3 9. Bxf3 Nbd7 10. Nc3 e5 11. dxe5 dxe5 12. Qc2 Qc7 13. Rfd1 Rfe8 14. Rab1 Rad8 15. Bg2 a5 16. a3 Bf8 17. Bc1 Nc5 18. Bg5 Bg7 19. e3 Rxd1+ 20. Rxd1 Nfd7 21. e4 Ne6 22. Be3 Nd4 23. Bxd4 exd4 24. Ne2 Qb6 25. Qb1 Qc5 26. Qa2 Rd8 27. Nf4 Ne5 28. Bf1 Bf8 29. a4 Qb4 30. Nd3 Nxd3 31. Rxd3 Qe1 32. Qe2 Qxe2 33. Bxe2 Bb4 34. Kg2 Kf8 35. f4 Ke7 36. Kf3 Ke6 37. g4 Bc3 38. Rd1 Kd6 39. e5+ Ke6 40. Bd3 Rg8 41. Rg1 h6 42. Ke4 f5+ 43. Kf3 fxg4+ 44. Rxg4 g5 45. Ke4 Rf8 46. fxg5 hxg5 47. Rxg5 Rh8 48. Rg6+ Kf7 49. Rg2 Rh4+ 50. Kf5 Rh5+ 51. Ke4 Rh4+ 52. Kf5 Rh5+ 53. Ke4 Rh4+ 54. Kf5 Rh5+ 55. Ke4 Rh4+ 1/2-1/2

[Event "Wch U10 Girls"]
[Site "Santiago de Compostela"]
[Date "2018.11.10"]
[Round "6"]
[White "Zhou, Yafei"]
[Black "Kleymenova, Valeria"]
[Result "1-0"]
[WhiteElo "1648"]
[BlackElo "1773"]
[PlyCount "81"]
[EventDate "2018.11.04"]
[EventType "swiss"]
[EventRounds "11"]
[EventCountry "ESP"]
[SourceTitle "EXT 2022"]
[Source "ChessBase"]
[SourceDate "2021.10.06"]
[SourceVersion "1"]
[SourceVersionDate "2021.10.06"]
[SourceQuality "1"]

1. d4 d5 2. c4 c6 3. Nf3 e6 4. Bg5 Be7 5. Bxe7 Qxe7 6. e3 f5 7. Nc3 Nf6 8. Bd3 0-0 9. 0-0 Nbd7 10. Qb3 Kh8 11. cxd5 cxd5 12. Rac1 Ne4 13. Ne2 Ndf6 14. Rc2 Nd7 15. Rfc1 Qd6 16. Bb5 Nb6 17. Ne5 Ng5 18. Nf4 Nf7 19. Nxf7+ Rxf7 20. Nd3 a6 21. Ne5 Re7 22. Be2 Bd7 23. Qc3 Be8 24. Qc5 Qd8 25. h3 Rc8 26. Qb4 Rb8 27. Rc7 Nd7 28. Qd6 Kg8 29. Bxa6 Nxe5 30. Qxd8 Rxd8 31. Rxe7 Nf7 32. Bxb7 Nd6 33. Rcc7 Nxb7 34. Rxg7+ Kh8 35. Rxh7+ Kg8 36. Rxb7 Rc8 37. h4 Rd8 38. h5 Rc8 39. h6 Rd8 40. Rbg7+ Kf8 41. Rh8# 1-0